|
|
|
|
| LEADER |
00809cam a2200205 i 4500 |
| 001 |
9554214 |
| 003 |
GR-PaULI |
| 005 |
20210117210831.0 |
| 008 |
190213r19571953enka|||g |00| 0 eng d |
| 952 |
|
|
|0 0
|1 0
|2 ddc
|4 0
|6 792_840000000000000_GIR
|7 0
|9 230011
|a THST
|b THST
|d 2019-02-13
|i 014783
|l 0
|o 792.84 GIR
|p 025000259901
|r 2019-02-13 00:00:00
|t 1
|v 2019.00
|w 2019-02-13
|y BK15
|
| 999 |
|
|
|c 139661
|d 139661
|
| 040 |
|
|
|a Dah
|b gre
|c GR-PaULI
|e AACR2
|
| 082 |
0 |
4 |
|a 792.84
|2 23
|
| 245 |
1 |
4 |
|a The girls' book of ballet /
|c edited by A.H. Franks.
|
| 260 |
|
|
|a London :
|b Burke Books,
|c 1957.
|
| 300 |
|
|
|a 144 σ. :
|b εικ. ;
|c 26 εκ.
|
| 650 |
|
4 |
|a Μπαλέτο
|9 53521
|x Μελέτη και διδασκαλία
|
| 700 |
1 |
4 |
|a Franks, Arthur Henry,
|d 1907-1963.
|9 173961
|e επιμελητής
|
| 942 |
|
|
|2 ddc
|c BK15
|
| 998 |
|
|
|c ΜΑΝΙΑ
|d 2019-02
|